The story of bardoli: (Record no. 158749)

MARC details
000 -LEADER
fixed length control field 00661nam a22001937a 4500
005 - DATE AND TIME OF LATEST TRANSACTION
control field 20181113160526.0
010 ## - LCCN (DPL NO)
LC control number ENG-124496
020 ## - INTERNATIONAL STANDARD BOOK NUMBER
International Standard Book Number 9789383723201
Terms of availability 695.00
035 ## - SYSTEM CONTROL NUMBER
System control number EN-108028
037 ## - SOURCE OF ACQUISITION
Source of stock number/acquisition DBAD/PUB
082 ## - DEWEY DECIMAL CLASSIFICATION NUMBER
Classification number 954.0841
100 ## - MAIN ENTRY--PERSONAL NAME
Personal name Desai, Mahadev
245 ## - TITLE STATEMENT
Title The story of bardoli:
Statement of responsibility, etc by Mahadev Desai
Remainder of title being a history of the bardoli satyagraha of 1928 and its sequel/
260 ## - PUBLICATION, DISTRIBUTION, ETC. (IMPRINT)
Place of publication, distribution, etc Delhi
Name of publisher, distributor, etc LG Publishers Distributors
Date of publication, distribution, etc 2017
270 ## - ADDRESS
Address 49, Gali No.14, Pratap Nagar, Mayur Vihar, Phase I,
City Delhi
Postal code 110091
300 ## - PHYSICAL DESCRIPTION
Extent viii, 249p.
Dimensions 21cm(Hb)
Other physical details map
500 ## - GENERAL NOTE
General note It includes index
942 ## - ADDED ENTRY ELEMENTS (KOHA)
Source of classification or shelving scheme Dewey Decimal Classification
Item type English Books
Classification part 954.0841
Call number suffix DES
Holdings
Withdrawn status Lost status Not for loan Collection code Home library Current library Date acquired Source of acquisition Cost, normal purchase price Full call number Barcode Copy number Cost, replacement price Koha item type
    Not For Loan Non-fiction D.B.Act.Division Bawana 14/11/2018 DBAD/PUB 695.00 954.0841 DES EN-108028 1 695.00 English Books

© Delhi Public Library
Hit Counter
free hit counter